Подробности
| 000 -МАРКЕР |
| контрольное поле |
01586nam2a2200289 4500 |
| 001 - ИДЕНТИФИКАТОР ЗАПИСИ |
| контрольное поле |
RU\NLR\BIBL_A\022180058 |
| 005 - ИДЕНТИФИКАТОР ВЕРСИИ |
| контрольное поле |
20250625151350.0 |
| 035 ## - ДРУГИЕ СИСТЕМНЫЕ НОМЕРА |
| Идентификатор записи |
(NLR Aleph) 022180058 |
| 100 ## - ДАННЫЕ ОБЩЕЙ ОБРАБОТКИ |
| Данные общей обработки |
20240326d1914 |||y0rusy50 ca |
| 101 0# - ЯЗЫК РЕСУРСА |
| Язык текста, звукозаписи и т.д. |
русский |
| 102 ## - СТРАНА ПУБЛИКАЦИИ ИЛИ ПРОИЗВОДСТВА |
| Страна публикации |
Российская Федерация |
| 105 ## - ПОЛЕ КОДИРОВАННЫХ ДАННЫХ: ТЕКСТОВЫЕ МАТЕРИАЛЫ, МОНОГРАФИЧЕСКИЕ |
| Кодированные данные о монографическом текстовом документе |
a z 000zd |
| 200 1# - ЗАГЛАВИЕ И СВЕДЕНИЯ ОБ ОТВЕТСТВЕННОСТИ |
| Основное заглавие |
Монеты Фоки и Ираклия |
| Параллельное заглавие |
Les monnaies de Focas et d'Hèraclius |
| Язык параллельного заглавия |
французский |
| 210 ## - ПУБЛИКАЦИЯ, РАСПРОСТРАНЕНИЕ И ДР. |
| Дата издания, распространения и т.д. |
1914 |
| Место издания, распространения и т.д. |
Б. м. |
| 215 ## - ФИЗИЧЕСКАЯ ХАРАКТЕРИСТИКА |
| Специфическое обозначение материала и объем |
С. 593-720, л. 43-52 |
| Другие сведения о физической характеристике |
ил. |
| 461 #0 - УРОВЕНЬ НАБОРА |
| Встроенное поле |
001v19\rc\1936386 |
| -- |
2001#$aВизантийския монеты$dMonnaies Byzantines$fграф И. И. Толстой$zfre$vВып. 6 |
| -- |
700#1$aТолстой$bИ. И.$cгос. деятель, нумизмат$f1858-1916$gИван Иванович$3RU\NLR\AUTH\7775856 |
| Системный номер (АБИС) связанной записи |
5956634 |
| Автор |
Толстой, И. И. (гос. деятель, нумизмат ; 1858-1916) |
| Место публикации |
Санкт-Петербург |
| Дата публикации |
1912-1914 |
| Первые сведения об ответственности |
граф И. И. Толстой |
| Параллельное заглавие |
Monnaies Byzantines |
| Имя издателя, распространителя и т.д. |
Товарищество Р. Голике и А. Вильборг |
| Заглавие |
Византийския монеты |
| Номер тома |
Вып. 6 |
| 510 1# - ПАРАЛЛЕЛЬНОЕ ЗАГЛАВИЕ |
| Параллельное заглавие |
Les monnaies de Focas et d'Hèraclius |
| Язык заглавия |
французский |
| 702 #0 - ИМЯ ЛИЦА - ВТОРИЧНАЯ ОТВЕТСТВЕННОСТЬ |
| Код отношения |
Объект посвящения |
| Графика поля |
Кириллица |
| Материалы, к которым относится поле |
rus |
| Начальный элемент ввода |
Фока |
| Дополнения к именам, кроме дат |
император византийский |
| Даты |
ок. 547-610 |
| Системный номер авторитетной/нормативной записи |
266476 |
| Идентификатор авторитетной/нормативной записи |
RU\NLR\AUTH\770266532 |
| 702 #0 - ИМЯ ЛИЦА - ВТОРИЧНАЯ ОТВЕТСТВЕННОСТЬ |
| Код отношения |
Объект посвящения |
| Начальный элемент ввода |
Ираклий |
| Дополнения к именам, кроме дат |
император византийский |
| Римские цифры |
I |
| Даты |
ок.575-641 |
| Системный номер авторитетной/нормативной записи |
140021 |
| Идентификатор авторитетной/нормативной записи |
RU\NLR\AUTH\770140056 |
| 852 ## - МЕСТОНАХОЖДЕНИЕ И ШИФР ХРАНЕНИЯ |
| Идентификатор организации |
NLR |
| Шифр хранения (Call Number) |
18.34.2.12(6) |
| 852 ## - МЕСТОНАХОЖДЕНИЕ И ШИФР ХРАНЕНИЯ |
| Идентификатор организации |
NLR |
| Шифр хранения (Call Number) |
136/368(6) |
| 852 ## - МЕСТОНАХОЖДЕНИЕ И ШИФР ХРАНЕНИЯ |
| Идентификатор организации |
NLR |
| Наименование фонда или коллекции (Sub-Location Identifier) |
Мф |
| Шифр хранения (Call Number) |
К-1/20707(6) |
| 942 ## - ДОПОЛНИТЕЛЬНЫЕ ЭЛЕМЕНТЫ ЗАПИСИ (АБИС) |
| Тип экземпляра АБИС |
Книга |
| 980 ## - КОЛЛЕКЦИЯ |
| Название коллекции |
Национальная библиография |